PBA Greatest Bowlers Quiz Stats

 Plays Quiz Updated Mar 3, 2020

     
Support Sporcle.
Go Orange.
Score 0/50 Timer 07:00
0 Plays Today
Rank Bowler % Correct
4Pete Weber
74.4%
2Walter Ray Williams Jr.
73.8%
3Dick Weber
72.3%
1Earl Anthony
57.4%
7Norm Duke
56.4%
8Don Johnson
50.3%
30Tommy Jones
48.7%
28Harry Smith
45.8%
10Parker Bohn III
45.4%
5Mark Roth
42.5%
26Chris Barnes
42.3%
9Marshall Holman
31.9%
11Don Carter
30.7%
18Wayne Webb
30.4%
44Patrick Allen
28.7%
16John Petraglia
28.5%
6Mike Aulby
28%
13Brian Voss
27.9%
38Bill Allen
26.6%
24Jason Couch
25.1%
15Nelson Burton Jr.
24.7%
17Carmen Salvino
24%
21Amleto Monacelli
23.7%
19Dave Davis
22.3%
29Del Ballard Jr.
21%
Rank Bowler % Correct
35Randy Pedersen
20%
49Mika Koivuniemi
19.2%
12Billy Hardwick
18%
34David Ozio
17.4%
25Steve Cook
16.8%
43Doug Kent
16.7%
14Dick Ritger
16.6%
42Danny Wiseman
16.6%
41Tom Baker
15.6%
23Dave Husted
14.9%
20Dave Soutar
14.4%
37Larry Laub
14.3%
22Mike Durbin
14%
27Jim Stefanich
13.8%
50Bob Strampe
13.3%
46Gary Dickinson
13.3%
36Dave Ferraro
13.1%
31Wayne Zahn
13%
33George Pappas
12.9%
40Joe Berardi
11.3%
45John Guenther
11.1%
32Jim Godman
11%
47Barr Asher
11%
48Tommy Hudson
10.9%
39Mike McGrath
10.7%

From the Vault

Double Down Words

by giveupyet

These words are betting you won't know what they mean.
Remove Ads.
Support Sporcle.
Get the best of Sporcle when you Go Orange. This ad-free experience offers more features, more stats, and more fun while also helping to support Sporcle. Thank you for becoming a member.

Show Comments

Extras

Top Quizzes Today


Score Distribution

Your Account Isn't Verified!

In order to create a playlist on Sporcle, you need to verify the email address you used during registration. Go to your Sporcle Settings to finish the process.

Report this User

Report this user for behavior that violates our Community Guidelines.

Details: